000 00445nam a22001697a 4500
003 OSt
005 20140310182348.0
008 130313t xxu||||| |||| 00| 0 eng d
020 _a0140386351
050 _aPZ 7
_b.F23814Cle 2006
082 _aJ-Fic
_bF234g 1998
245 _aA girl named Disaster
_cFarmer, Nancy
260 _a Prince Frederick, MD
_bRecorded Books
_c1998
300 _a309 p.
_c20 cm
942 _2lcc
_cBK-GS
999 _c12284
_d12284